| 000 | 00576nam a22001937a 4500 | ||
|---|---|---|---|
| 003 | 0 | ||
| 005 | 20230911144023.0 | ||
| 008 | 230811b xxu||||| |||| 00| 0 eng d | ||
| 020 | _a978-0-357-45338-4 | ||
| 050 |
_aQD 31.3 _b.Se13 2022 |
||
| 100 | _aSeager, Spencer L. | ||
| 245 |
_aChemistry for today : general, organic, and biochemistry _cSeager, Spencer L. |
||
| 260 |
_aUSA _bCengage _cc2022. |
||
| 300 |
_a1000 p. : _bcol. ill. ; _c29 cm. |
||
| 504 | _aIncludes glossary and index. | ||
| 600 | _aSlabaugh, Michael R. | ||
| 650 | _aChemistry. | ||
| 942 |
_2lcc _cBK |
||
| 999 |
_c365130 _d365130 |
||